| 000 | 00647nam a2200241 a 4500 | ||
|---|---|---|---|
| 001 | nice12345678 | ||
| 003 | IN_TiNIC | ||
| 005 | 20260116013000.0 | ||
| 008 | 050524s1975 dela grp 000 0 urd | ||
| 020 |
_a _c14 |
||
| 082 | 0 | 0 |
_a491.44 _bKAI |
| 100 | _aKaifi, B M Datatariya | ||
| 245 | _aKaifiya, Urdu Zaban Ki Mukhtasar Tarikh Aur Uski Insha Aur Imla Vaghaira Ka | ||
| 260 |
_aDelhi _bAnjuman Taraqqi-E-Urdu _c1975 |
||
| 300 | _a296p | ||
| 500 | _aincludes index and biblioraphy | ||
| 505 | 2 | _aBibliography, Index | |
| 650 | _aUrdu-Grammar | ||
| 700 | 1 | _aKaifi, B M Datatariya | |
| 902 | _bSRS | ||
| 942 | _cBK | ||
| 999 |
_c9155 _d9155 |
||